Normal view
MARC view
- Telekommunikation
Entry Topical Term
001 - CONTROL NUMBER
- control field: 97798
003 - CONTROL NUMBER IDENTIFIER
- control field: NUST
005 - DATE AND TIME OF LATEST TRANSACTION
- control field: 20220817130739.0
008 - FIXED-LENGTH DATA ELEMENTS
- fixed length control field: 220817|| aca||aabn | a|a d
040 ## - CATALOGING SOURCE
- Original cataloging agency: NUST
- Transcribing agency: NUST
150 ## - HEADING--TOPICAL TERM
- Topical term or geographic name entry element: Telekommunikation
670 ## - SOURCE DATA FOUND
- Source citation: Work cat.: (NUST)194311: Perros, Harry G. 97797, Connection-oriented networks :, c2005.
